000 01276nam a22003137a 4500
005 2010091802302.0
008 100915t xxu||||| |||| 00| 0 hin d
010 _aHIN-91996
020 _c300.00
_a817900077x
035 _aHN-64342
037 _bDBAD / PUB
040 _aDPL
_bHN
082 _a
100 _920178
_aचोपडा, मोहन
110 _926418
245 _aप्रतिनिधि कहानियाँ /
_cमोहन चोपडा
246 _aPratinidhi kahaniyan
_bby mohan chopra
260 _aनई दिल्ली
_bएम. एन. पब्लिशर्स एण्ड डिस्ट्रीब्यूटर्स
_c2011
270 _aW-112,ग्रेटर कैलाश-1,
_bनई दिल्ली
_e110048
300 _a204पृ.
_c22सेमी (सजिल्द)
600 _926453
_aलघु कथाएं हिन्दी
650 _91159
_aलघु कथाएँ, हिन्दी
650 _926117
_aHindi Fiction
700 _920179
700 _920333
700 _920540
942 _2ddc
_cHN
_mचोपडा
_h
999 _c50951
_d50951